00342nam a2200133Ia 4500008004100000041000800041082001400049100001700063245004500080250001400125260002600139300003200165365001100197240624s9999 xx 000 0 und d aeng a658.4 MOR aMORRISON KEN aMARX DURKHEIM WEBER FORMATIONS OF MODERN a(2nd ed.) c2006aNew DelhibSage axiii, : 465 : p. : cm. ; 24 cRSb40